Soda Stereo - Gira Me Veras Volver - Estadísticas

Estadísticas generales
  • Esta prueba ha sido intentada 47 veces
  • La puntuación promedio es 10 de 13
Estadísticas de respuestas
Hint Respuesta % Correcto
Argentina Buenos Aires
100%
Chile Santiago
100%
Peru Lima
96%
Mexico Ciudad de mexico
93%
Venezuela Caracas
89%
Colombia Bogota
82%
Estados Unidos Miami
69%
Panama Ciudad de Panama
62%
Mexico Guadalajara
60%
Argentina Cordoba
58%
Mexico Monterrey
58%
Estados Unidos Los Angeles
49%
Ecuador Guayaquil
42%
No se encontraron pruebas coincidentes
Distribución de puntuación
Porcentaje de gente con cada puntuación
Porcentaje por número respondido
Historial de tus puntuaciones
No has intentado esta prueba.